Most famous makeup brands in 2024 - Statistics

General Stats
  • This quiz has been taken 635 times
  • The average score is 4 of 14
Answer Stats
Answer % Correct
Rare beauty
60%
Maybelline
52%
Charlotte Tilbury
49%
Mac
48%
L'Oréal
47%
Fenty Beauty
40%
Nyx
35%
Sephora
30%
Benefit
28%
Tarte
25%
Milk
21%
Kiko
12%
Gisou
2%
Nuxe
0%
No matching quizzes found
Score Distribution
Percent of People with Each Score
Percentile by Number Answered
Your Score History
You have not taken this quiz